000 00645nam a22001697a 4500
003 OSt
005 20171010095448.0
008 120621t xxu||||| |||| 00| 0 eng d
040 _aMMSU
_cULS
100 _aMalapira, Roselyn S.
_910583
245 _aSurvival and growth performance of Jatropha curcas L. as affected by source and diameter of branch cuttings
_cRoselyn S. Malapira
260 _c2007
300 _axiv, 75 leaves
_c28 cm.
500 _aThesis (BS in Forestry) -- Mariano Marcos State University-College of Agriculture, Food and Sustainable Development, Batac City
504 _aBibliography: leaves 45-47
942 _2ddc
_cTHEDIS
999 _c9585
_d9585